000 00541cas a22001935a 4500
001 L139650
008 070802d19311961xxkar p 0 a0eng u
035 _a(Sirsi) u139650
041 0 _aeng
240 1 _aEnglish De-Rating Appeals
245 0 0 _aDerating and Rating Appeals
260 _aLondon
_bRating and Income Tax
_c1931-1961
362 0 _aLondon: 1930-32 1961
362 0 _aEdinburgh: 1930-1956
554 _aOne per year
651 4 _aGreat Britain
_y1707-
690 _aPROPERTY-PROPERTY APPRAISAL AND VALUATION
942 _n0
999 _c119099
_d119099